Регионална библиотека "Любен Каравелов" - Русе

Смешният Свети Валентин (Запис номер 44288)

MARC детайли
000 -Лидер
Контролно поле с фиксирана дължина 01240nam a2200325 c 4500
003 - Код на организацията, давaща контролен номер
Контролно поле BLK
005 - Дата и час на последна редакция
Контролно поле 20180422101014.0
008 - Елементи от данни с фиксирана дължина
fixed length control field 180408b bul|||||r ||||||| ||bul||
010 ## - Наследен системен номер
LC control number KNG00048053000
020 ## - Международен стандартен номер на книга ISBN
Международен стандартен номер на книга ISBN 954-553-073-1
-- издат.: Парадокс - (Парадокс)
040 ## - Източник на каталожния запис
Идентификатор на билиотеката - собственик на записа BLK
041 ## - Код за език
Код за езика на текст/звукозапис или на отделно заглавие Български
Код за езика КДБФ Български
080 ## - УДК
Текстов определител УДК Английска литература
УДК код - определител по УДК 821.111
УДК определител -31
УДК - код + определител 821.111-31
100 1# - Редна дума - Автор
Автор Дженкинс, Ейми
Авторска отговорност първи автор
R(LIN) 272770
139 ## - Редно поле
Редна дума Дженкинс, Ейми
Авторски знак Дже - Д 50
245 10 - Сведения за заглавието
Заглавие Смешният Свети Валентин
Подзаглавни данни Роман
Редно поле (дума) Ейми Дженкинс; прев. от англ. Красимира Кирова.
257 ## - Страна на издаване
Страна на създаване/издаване Великобритания
260 ## - Област на издателските данни
-- София
Име на издателя, разпространителя и проч. Вектор
-- Парадокс
Година на издаване 2004
Печатница София : ИПК Родина
300 ## - Физическа характеристика
Страници 352 с.
Размери/Мащаб 20 см
380 ## - Жанр
Жанр Худож. лит.
490 1# - СЕРИИ (Колекции)
Име на серия Life Style романи
№: серия 7
500 ## - Общи забележки
Забележка Ориг. загл. Funny Valentine / Amy Jenkins. - Офс. изд.
653 ## - Ключова дума – ненормативна
Ключова дума романи
700 1# - Други автори (авторска отговорност)
Лично име Кирова, Красимира
Автороска отговорност (Описва отношението между автора и произведението) прев. от англ.
9 (RLIN) 367890
852 ## - Местоположение
Форматна сигнатура Цб 222478
856 4# - Електронен адрес и достъп
Електронен формат pdf - файл
Път до файла /url/
856 4# - Електронен адрес и достъп
Електронен формат pdf - файл
Път до файла /url/
942 ## - АРТИКУЛИ
Вид на библиотечния материал Книги
Скрит в OPAC Не
944 ## - СЪЗДАВАНЕ И РЕДАКЦИЯ на ЗАПИСА
Създаване/Редакция Създаване
Дата на регистрацията/редакция 04.02.2005
Служител, извършил регистрацията/редакцията Людмила_Стоянова
944 ## - СЪЗДАВАНЕ И РЕДАКЦИЯ на ЗАПИСА
Създаване/Редакция Редакция
Дата на регистрацията/редакция 17.04.2007
Служител, извършил регистрацията/редакцията
999 ## - СИСТЕМНИ КОНТРОЛНИ НОМЕРА
Koha biblionumber 44288
Koha biblioitemnumber 44288
Наличности
Код за отписване Код за изгубен артикул Код за повреда Коз за рестрикции Код за отдаване Артикулен № Име на библиотеката - собственик Име на библиотеката, в която се намира в момента Статус (Текущо местоположение) Дата на вписване в системата Местоположение - отдел Цена в лева Инвентарен номер Систематично азбучна сигнатура Баркод Номер на екземпляра Цена в евро Служебна бележка Служебен тип на артикула
  Не е изгубен Не е повреден без рестрикции ползва се в читалня 69638 Регионална библиотека "Любен Каравелов" Русе Регионална библиотека "Любен Каравелов" Русе Хранилище 2007-04-11 Хранилище 10.00 120000712157 Цб 222478 120000712157 1 5.11 Дост: Dp Вид: Д N: 37 Дата: 16.08.2006 Книги
Vip Innovations Ltd, Rousse, Bulgaria 2025